000 00929nam a2200265Ia 4500
003 OSt
005 20220923211439.0
006 a|||||r|||| 00| 0
007 ta
008 220922b |||||||| |||| 00| 0 hin d
020 _a9789350007853 (hbk)
_c1000
024 _a282,885
037 _b321, 10/01/2015, Vani Prakashan
_cTextual
040 _aARTS
_cARTS
_bhin
041 _2hin
_ahin
082 _aO152,6N48x, Q2
100 _aपचौरी, सुधीश
_9156290
245 0 _aतू देख तमाशा टीवी का
246 _aTū dekh tamāshā ṭīvī kā
260 _aनयी दिल्ली
_b वाणी प्रकाशन
_c2012
300 _a352पृ.
_ccm.
650 _aहिन्दी साहित्य
_9156264
942 _hO152,6N48x, Q2
_cTEXL
_2CC
999 _c299638
_d299638